[Event "Navalmoral op 16th"]
[Site "Navalmoral"]
[Date "2010.12.04"]
[Round "2"]
[White "Kolev, Atanas"]
[Black "Cruz Estrada, Filemon"]
[Result "1-0"]
[WhiteElo "2571"]
[BlackElo "2424"]
[PlyCount "65"]
[EventDate "2010.12.04"]
[EventType "swiss"]
[EventRounds "9"]
[EventCountry "ESP"]
[SourceTitle "CBM 139 Extra"]
[Source "ChessBase"]
[SourceDate "2011.01.05"]
[SourceVersion "1"]
[SourceVersionDate "2011.01.05"]
[SourceQuality "1"]

1. d4 d5 2. Nf3 c6 3. Bf4 Qb6 4. Qc1 Bf5 5. e3 Nd7 6. Be2 h6 7. 0-0 Ngf6 8. c4 e6 9. Nc3 Be7 10. h3 0-0 11. c5 Qd8 12. b4 Qc8 13. b5 Bd8 14. Bd6 Re8 15. bxc6 bxc6 16. Qa3 a5 17. Ne5 Nxe5 18. dxe5 Nd7 19. f4 f6 20. e4 dxe4 21. Bc4 h5 22. Rae1 Bg6 23. f5 Bf7 24. fxe6 Bxe6 25. Bxe6+ Rxe6 26. Qb3 Nxe5 27. Bxe5 fxe5 28. Nxe4 Rb8 29. Qf3 Rh6 30. Qf8+ Kh7 31. Nd6 Qe6 32. Rf7 Rg6 33. Ne8 1-0

[Event "BUL-chT-A 60th"]
[Site "Albena"]
[Date "2010.05.27"]
[Round "1.2"]
[White "Kozhuharov, Spas"]
[Black "Kolev, Atanas"]
[Result "1/2-1/2"]
[WhiteElo "2404"]
[BlackElo "2580"]
[PlyCount "78"]
[EventDate "2010.05.27"]
[EventType "team-tourn"]
[EventRounds "7"]
[EventCountry "BUL"]
[SourceTitle "CBM 136 Extra"]
[Source "ChessBase"]
[SourceDate "2010.07.02"]
[SourceVersion "2"]
[SourceVersionDate "2010.07.15"]
[SourceQuality "1"]
[WhiteTeam "Plovdiv Lokomotiv 2000"]
[BlackTeam "Sofia CSKA"]
[WhiteTeamCountry "BUL"]
[BlackTeamCountry "BUL"]

1. d4 Nf6 2. c4 e6 3. Nf3 d5 4. Nc3 dxc4 5. e3 a6 6. a4 c5 7. Bxc4 Nc6 8. 0-0 Be7 9. Qe2 0-0 10. Rd1 Qc7 11. h3 Rd8 12. d5 exd5 13. Nxd5 Nxd5 14. Rxd5 Be6 15. Rxd8+ Rxd8 16. Bxe6 fxe6 17. Bd2 Qd7 18. Bc3 Qd3 19. Qxd3 Rxd3 20. Kf1 Bf6 21. Ke2 Rd5 22. Nd2 Kf7 23. f4 h6 24. g4 b6 25. Ra3 Bxc3 26. Rxc3 Na5 27. b3 b5 28. axb5 axb5 29. Rc2 g5 30. Ra2 Nc6 31. Ra6 Nb4 32. Ra7+ Kf8 33. fxg5 hxg5 34. Rb7 Na2 35. e4 Rd4 36. Nf3 Nc3+ 37. Ke3 Nd1+ 38. Ke2 Nc3+ 39. Ke3 Nd1+ 1/2-1/2

[Event "BUL-ch op 32th"]
[Site "Plovdiv"]
[Date "2010.02.03"]
[Round "6"]
[White "Kolev, Atanas"]
[Black "Georgiev, Krum"]
[Result "1-0"]
[WhiteElo "2571"]
[BlackElo "2447"]
[PlyCount "61"]
[EventDate "2010.01.31"]
[EventType "swiss"]
[EventRounds "9"]
[EventCountry "BUL"]
[SourceTitle "CBM 134 Extra"]
[Source "ChessBase"]
[SourceDate "2010.03.03"]
[SourceVersion "1"]
[SourceVersionDate "2010.03.03"]
[SourceQuality "1"]

1. e4 c5 2. Nf3 d6 3. d4 cxd4 4. Nxd4 Nf6 5. Nc3 a6 6. Be2 e6 7. 0-0 Be7 8. f4 Qc7 9. a4 0-0 10. Kh1 Nc6 11. Be3 Bd7 12. Bd3 Nxd4 13. Bxd4 Bc6 14. Qf3 Nd7 15. Qh3 Nc5 16. Qg3 g6 17. f5 Nxd3 18. cxd3 Rfe8 19. f6 Bf8 20. a5 Qd7 21. Qh4 h5 22. g4 hxg4 23. Be3 d5 24. Bh6 Qd6 25. Bxf8 Qxf8 26. Rf4 dxe4 27. dxe4 Red8 28. Rxg4 Rd3 29. Rag1 Rxc3 30. bxc3 Rd8 31. Qh3 1-0

[Event "Athens Acropolis op-A 24th"]
[Site "Chalkida"]
[Date "2009.08.18"]
[Round "9.2"]
[White "Papaioannou, Ioannis"]
[Black "Kolev, Atanas"]
[Result "1/2-1/2"]
[WhiteElo "2624"]
[BlackElo "2569"]
[PlyCount "39"]
[EventDate "2009.08.10"]
[EventType "swiss"]
[EventRounds "9"]
[EventCountry "GRE"]
[SourceTitle "CBM 131 Extra"]
[Source "ChessBase"]
[SourceDate "2009.09.03"]
[SourceVersion "2"]
[SourceVersionDate "2009.09.16"]
[SourceQuality "1"]

1. d4 Nf6 2. c4 e6 3. g3 d5 4. Bg2 dxc4 5. Nf3 Nc6 6. Qa4 Bb4+ 7. Bd2 Bd6 8. Qxc4 0-0 9. 0-0 e5 10. dxe5 Nxe5 11. Nxe5 Bxe5 12. Bc3 Qe7 13. Bxe5 Qxe5 14. Nc3 c6 15. Rfd1 Be6 16. Qb4 Rab8 17. Rd2 a5 18. Qa3 Qc7 19. Qc5 Nd7 20. Qh5 1/2-1/2